[Event "Renome 2000"]
[Site "Bjeljina YUG"]
[Date "2000.01.30"]
[Round "5"]
[White "Grunberg,M"]
[Black "Radulski,J"]
[Result "1/2-1/2"]
[WhiteElo "2409"]
[BlackElo "2421"]

1.Nf3 d5 2.c4 e6 3.g3 Nf6 4.Bg2 Be7 5.O-O O-O 6.d4 Nc6 7.Ne5 Nxe5 8.dxe5 Nd7
9.cxd5 Nxe5 10.Nc3 exd5 11.Nxd5 Re8 12.Qc2 c6 13.Nxe7+ Qxe7 14.e4 c5 15.b3 b6
16.Bb2 Ba6 17.Rfd1 Rad8 18.Rxd8 Rxd8 19.Rd1 Nd3 20.Qd2 c4 21.bxc4 Bxc4 22.Bc3 h6
23.e5 Rd7 24.Qe3 Nc5 25.Rd2 Qe6 26.a3 Bd3 27.Qf4 f5 28.h4 Ne4 29.Bxe4 fxe4
30.Bb2 Rf7 31.Qe3 Rf3 32.Qd4 Kh7 33.Kg2 Rf7 34.Qd6 Qxd6 35.exd6 Rf5 36.Rd1 Rc5
37.Rc1 Rxc1 38.Bxc1 Bb5 39.f3 exf3+ 40.Kxf3 Kg6 41.Kf4 Kf7 42.Ke5 Bd7  1/2-1/2

[Event "NED-chT"]
[Site "Amsterdam NED"]
[Date "2000.02.05"]
[Round "1"]
[White "Boersma,P"]
[Black "Deegens,V"]
[Result "0-1"]
[WhiteElo "2331"]
[BlackElo "2313"]

1.Nf3 d5 2.c4 c6 3.e3 Nf6 4.Nc3 a6 5.b3 Bg4 6.Be2 e6 7.Bb2 Nbd7 8.O-O Bd6
9.cxd5 cxd5 10.Nd4 Bxe2 11.Ncxe2 Qe7 12.Rc1 O-O 13.Qc2 Nb6 14.f4 Rac8 15.Qd3 Ba3
16.Rxc8 Rxc8 17.Ba1 Nbd7 18.Nf3 Qb4 19.Ned4 Qe7 20.Ne5 Bd6 21.Nxd7 Nxd7 22.Nf3 f5
23.Qb1 Ba3 24.h3 Nf6 25.Bd4 Ne4 26.Kh2 Qb4 27.Qa1 Nxd2 28.Nxd2 Qxd2 29.Bxg7 Rc2
30.Rg1 Qxe3 31.Bh6 Bb2 32.Qd1 Rc1  0-1

[Event "Extraliga CZE"]
[Site "Ostrava CZE"]
[Date "2000.02.05"]
[Round "8"]
[White "Pisk,P"]
[Black "Jirovsky,M"]
[Result "1-0"]
[WhiteElo "2419"]
[BlackElo "2458"]

1.Nf3 d5 2.c4 e6 3.g3 g6 4.Bg2 Bg7 5.O-O Ne7 6.d4 O-O 7.Nc3 b6 8.Bg5 Bb7
9.cxd5 exd5 10.Qa4 Re8 11.Rac1 a6 12.Qb3 Nbc6 13.Rfe1 h6 14.Bf4 g5 15.Bd2 g4
16.Nh4 Nxd4 17.Qd1 Ne6 18.e4 d4 19.Nd5 Nxd5 20.exd5 Bxd5 21.Qxg4 Bxg2 22.Nf5 Qf6
23.Kxg2 Qg6 24.Qf3 Rad8 25.Re4 h5 26.Rh4 c5 27.Rxh5 d3 28.Rc4 Nd4 29.Rxd4 Bxd4
30.Rg5 Bxb2 31.Rxg6+ fxg6 32.Nh6+  1-0

[Event "Extraliga CZE"]
[Site "Ostrava CZE"]
[Date "2000.02.06"]
[Round "9"]
[White "Spacek,P"]
[Black "Prandstetter,E"]
[Result "1/2-1/2"]
[WhiteElo "2410"]
[BlackElo "2385"]

1.Nf3 d5 2.c4 e6 3.b3 Nf6 4.Bb2 Be7 5.g3 O-O 6.Bg2 Nbd7 7.O-O c6 8.d3 b5
9.Nbd2 Ba6 10.Rc1 Qb6 11.Rc2 Rfd8 12.Qa1 Ne8 13.Rfc1 Rac8 14.h3 Bf6 15.Ne5 Nxe5
16.Bxe5 Bxe5 17.Qxe5 bxc4 18.bxc4 Qb4 19.Rb2 Qa3 20.Qc3 Qxc3 21.Rxc3 Rb8
22.Rbc2 Bc8 23.Ra3 a6 24.Rb3 Bd7 25.Rcb2 Ra8 26.e4 Ra7 27.Rb7 Rxb7 28.Rxb7 Kf8
29.Rb6 Nc7 30.Nb3 dxc4 31.dxc4 Be8 32.e5 Rd1+ 33.Kh2 Ke7 34.Rb7 Kd8 35.Rb8+ Ke7
36.Nc5 Rc1 37.Rb7 Kd8 38.Rb8+ Ke7 39.Rc8 Nd5 40.cxd5 Rxc5 41.d6+ Kd7 42.Rc7+ Kd8
43.f4 Rc2 44.a4 c5 45.Kg1 Rc1+ 46.Bf1 Bxa4 47.Kg2 Rc2+ 48.Kf3 Rc3+ 49.Kg4 c4
50.Rxf7 Rc1 51.Be2 c3 52.Bd3 Rd1 53.Bxh7 c2 54.Bxc2 Bxc2 55.Rf8+ Kd7 56.Rf7+ Kd8
57.Rxg7 a5 58.Rg8+ Kd7 59.Rg7+ Kd8 60.Kg5 a4 61.Ra7 Ra1 62.g4 Rf1 63.h4 Rg1
64.Kf6 Rxg4 65.Kxe6 Rg6+ 66.Kd5 Bf5 67.Rxa4 Be6+ 68.Kd4 Rh6 69.Ra8+ Kd7 70.Ra7+ Kc8
71.Re7 Kd8 72.h5 Bb3 73.Rb7 Bc2 74.Kd5 Bf5 75.Rf7 Rxh5  1/2-1/2

[Event "Petroff Mem Open"]
[Site "St Petersburg RUS"]
[Date "2000.02.07"]
[Round "1"]
[White "Lunev,A"]
[Black "Sinkevich,P"]
[Result "1/2-1/2"]
[WhiteElo "2491"]
[BlackElo "2293"]

1.Nf3 d5 2.c4 c6 3.d4 Nf6 4.e3 Bf5 5.Nbd2 h6 6.Be2 Nbd7 7.O-O e6 8.b3 Bd6
9.Bb2 Qb8 10.h3 O-O 11.Rc1 Bh7 12.Re1 Re8 13.Bf1 a6 14.c5 Bc7 15.b4 e5 16.dxe5 Nxe5
17.Nb3 Nxf3+ 18.gxf3 Qd8 19.Nd4 Qd7  1/2-1/2

[Event "Goodricke Open"]
[Site "Calcutta IND"]
[Date "2000.02.09"]
[Round "4"]
[White "Sareen,V"]
[Black "Das,Dip"]
[Result "1/2-1/2"]
[WhiteElo "2351"]
[BlackElo "2292"]

1.Nf3 d5 2.c4 e6 3.d4 dxc4 4.Qa4+ Nd7 5.g3 Nf6 6.Bg2 a6 7.Qxc4 c5 8.Qc2 cxd4
9.Nxd4 Bc5 10.Nb3 Bb4+ 11.Bd2 Bxd2+ 12.N1xd2 Rb8 13.O-O b5 14.a4 bxa4 15.Rxa4 O-O
16.Na5 Nb6 17.Rb4 Bd7 18.Nb7  1/2-1/2

[Event "Petroff Mem Open"]
[Site "St Petersburg RUS"]
[Date "2000.02.09"]
[Round "3"]
[White "Gavrilov,Al"]
[Black "Feoktistov,A"]
[Result "0-1"]
[WhiteElo "2454"]
[BlackElo "2373"]

1.Nf3 d5 2.c4 c6 3.d4 e6 4.Nc3 dxc4 5.a4 Bb4 6.Ne5 b5 7.e3 Nf6 8.Bd2 Nd5
9.axb5 Bxc3 10.Bxc3 cxb5 11.Ba5 Qh4 12.b3 Nxe3 13.Qf3 f6 14.Qxe3 fxe5 15.Qxe5 Nc6
16.g3 Nxe5 17.gxh4 Bb7 18.dxe5 Bxh1 19.bxc4 bxc4 20.Bxc4 Kf7 21.Rd1 Rhc8
22.Rd7+ Ke8 23.Bxe6 Rc6 24.Bf5 g6 25.Rxh7 gxf5 26.Rh8+ Kf7 27.Rxa8 Ra6 28.e6+ Rxe6+  0-1

[Event "Open"]
[Site "Bunratty IRL"]
[Date "2000.02.12"]
[Round "3"]
[White "O'Cinneide,M"]
[Black "Hurley,J"]
[Result "0-1"]
[WhiteElo "2244"]
[BlackElo "2095"]

1.Nf3 d5 2.c4 c6 3.d4 Nf6 4.Nc3 dxc4 5.e4 b5 6.e5 Nd5 7.a4 e6 8.axb5 Nxc3
9.bxc3 cxb5 10.Ng5 Bb7 11.Qh5 Qd7 12.Nxh7 Nc6 13.Nxf8 Qxd4 14.cxd4 Rxh5 15.Be3 a5
16.Be2 Rh4 17.Nxe6 fxe6 18.O-O-O Nb4 19.Bg5 Rh8 20.Bd2 Nd5 21.Kb2 Rf8 22.f3 Nf4
23.Bf1 Bd5 24.Rc1 Kd7 25.Rc2 Kc6 26.Rg1 Kb6 27.g3 Ng6 28.f4 Rac8 29.Be2 b4
30.Rgc1 Kb5 31.h4 Rc6 32.h5 Ne7 33.g4 Rfc8 34.Be1 Kb6 35.Bh4 c3+ 36.Kb1 R8c7
37.Bxe7 Rxe7 38.Bd3 Rec7 39.f5 b3 40.Rf2 a4 41.f6 gxf6 42.exf6 a3 43.h6 a2+
44.Ka1  0-1

[Event "Goodricke Open"]
[Site "Calcutta IND"]
[Date "2000.02.14"]
[Round "9"]
[White "Sriram,J"]
[Black "Neelakantan,N"]
[Result "1/2-1/2"]
[WhiteElo "2356"]
[BlackElo "2213"]

1.Nf3 d5 2.c4 d4 3.b4 f6 4.Bb2 e5 5.a3 a5 6.b5 c5 7.d3 b6 8.g3 Bb7 9.Bg2 Bd6
10.O-O Qc7 11.e3 Nd7 12.exd4 cxd4 13.Nbd2 Nc5 14.Nb3 Nxb3 15.Qxb3 O-O-O 16.Bh3+ Kb8
17.Nd2 Ne7 18.Ne4 Bxe4 19.dxe4 g5 20.Rac1 Bc5 21.Rc2 h5 22.Qd3 Qd6 23.Bc1 h4
24.Bg4 Ng8 25.Re1  1/2-1/2

[Event "Goodricke Open"]
[Site "Calcutta IND"]
[Date "2000.02.15"]
[Round "10"]
[White "Vijayalakshimi,S"]
[Black "Suvrajit,S"]
[Result "1-0"]
[WhiteElo "2383"]
[BlackElo "2269"]

1.Nf3 d5 2.c4 dxc4 3.e3 Nf6 4.Bxc4 e6 5.O-O c5 6.Qe2 a6 7.Rd1 b5 8.Bb3 Bb7
9.d4 Nbd7 10.a4 b4 11.a5 Qc7 12.Nbd2 Be7 13.Nc4 O-O 14.Bd2 Rac8 15.Rac1 Qb8
16.Nfe5 Rfd8 17.Ba4 cxd4 18.exd4 Nxe5 19.dxe5 Ne4 20.Be3 Bd5 21.Bb6 Bxc4
22.Rxc4 Rxd1+ 23.Bxd1 Rxc4 24.Qxc4 Qxe5 25.Qxa6 Nc5 26.Qb5 Qe1+ 27.Qf1 Qd2
28.Bf3 Qd6 29.Qb5 Nd7 30.Be3 Nb8 31.g3 e5 32.Bb7 f5 33.a6 Nxa6 34.Qxa6  1-0

[Event "ch-Serbia"]
[Site "Kragujevac YUG"]
[Date "2000.02.19"]
[Round "1"]
[White "Arsovic,Z"]
[Black "Zivanic,M"]
[Result "1/2-1/2"]
[WhiteElo "2444"]
[BlackElo "2317"]

1.Nf3 d5 2.c4 c6 3.e3 Nf6 4.d4 Bf5 5.cxd5 cxd5 6.Nc3 Nc6 7.Ne5 e6 8.g4 Be4
9.f3 Bg6 10.h4 h5 11.Nxg6 fxg6 12.Bd3 hxg4 13.Bxg6+ Kd7 14.fxg4 Ng8 15.Qf3 Bd6
16.Bd2 Rxh4 17.O-O-O Rxh1 18.Rxh1 Qg5 19.Bd3 Rf8 20.Qg2 Nf6 21.Rg1 Rh8 22.e4 Bf4
23.exd5 Nxd5 24.Be4 Nxc3 25.bxc3 Rf8 26.d5 exd5 27.Bxd5 Kc7 28.Rd1 Bxd2+
29.Qxd2 Qxd2+ 30.Rxd2  1/2-1/2

[Event "Masters KO"]
[Site "Cannes FRA"]
[Date "2000.02.20"]
[Round "2.2"]
[White "Giffard,N"]
[Black "Prie,E"]
[Result "1/2-1/2"]
[WhiteElo "2364"]
[BlackElo "2501"]

1.Nf3 d5 2.c4 c6 3.e3 Nf6 4.Nc3 Bg4 5.cxd5 Bxf3 6.Qxf3 cxd5 7.Qd1 Nc6 8.Bb5 Rc8
9.O-O e6 10.b3 Bd6 11.Bb2 O-O 12.Rc1 Qa5 13.Bd3 Ba3 14.Bxa3 Qxa3 15.Bb1 d4
16.exd4 Nxd4 17.Qe1 Rfd8 18.Rd1 Rd7 19.h3 Rcd8 20.Qe3 b6 21.Rfe1 Qb4 22.Qe5 Nc6
23.Qe3 Ne7 24.Bc2 Ned5 25.Qe5 Qf4 26.Qxf4 Nxf4 27.Nb1 g6 28.b4 Nd3 29.Bxd3 Rxd3
30.Rc1 R8d7 31.Kf1 R3d4 32.a3 Ne4 33.Red1 Kg7 34.Ke2 Nd6 35.d3 Nb5 36.Rc4 R4d6
37.g3 e5 38.Re4 Nd4+ 39.Ke3 f6  1/2-1/2

[Event "ch-YUG (women) qualifier"]
[Site "Kragujevac YUG"]
[Date "2000.02.20"]
[Round "2"]
[White "Todorovic,V"]
[Black "Stojanovic,A"]
[Result "1-0"]
[WhiteElo "2151"]
[BlackElo "2141"]

1.Nf3 d5 2.c4 d4 3.g3 Nf6 4.Bg2 g6 5.b4 c5 6.bxc5 Nc6 7.O-O e5 8.d3 Bxc5
9.Nbd2 a5 10.Nb3 Bb6 11.Ba3 Nd7 12.Qc1 a4 13.c5 Bc7 14.Nbd2 O-O 15.Nc4 f5
16.Ng5 Nf6 17.Nb6 Rb8 18.Qc4+ Kg7 19.Nxc8 Qxc8 20.Ne6+ Kh8 21.Nxf8 Qxf8 22.Qxa4 Qe8
23.Rab1 e4 24.Bb2 Be5 25.f4 exf3 26.Bxf3 Rd8 27.Ba1 Qd7 28.e3 Qc7 29.exd4 Nxd4
30.Kg2 Nxf3 31.Rxf3 Bxa1 32.Rxa1 Qxc5 33.Rb1 b6 34.Qc4 Qd6 35.Qc3 Kg7 36.Re3 Kh6
37.Qd2 Qc6+ 38.Kg1 Qc5 39.Rc1 Qd4 40.Kf1 g5 41.Re6 Kh5 42.Qe2+ g4 43.Rcc6 Rf8
44.Red6 Qa1+ 45.Kg2 Kg6 46.Rxb6 Kg7 47.Rb7+ Kh8 48.Qb2 Qxb2+ 49.Rxb2 Rf7
50.a4 Kg7 51.a5 Ne8 52.Rdb6 Nf6 53.Rb7  1-0

[Event "ch-Serbia"]
[Site "Kragujevac YUG"]
[Date "2000.02.20"]
[Round "2"]
[White "Arsovic,G"]
[Black "Vujacic,B"]
[Result "1/2-1/2"]
[WhiteElo "2427"]
[BlackElo "2358"]

1.Nf3 d5 2.c4 c6 3.e3 Nf6 4.Nc3 a6 5.Qc2 b5 6.b3 e6 7.d4 Nbd7 8.Bb2 Bb7 9.Be2 bxc4
10.bxc4 dxc4 11.O-O c5  1/2-1/2

[Event "Jersey Open"]
[Site "St Helier JCI"]
[Date "2000.02.20"]
[Round "1"]
[White "Fraser,M"]
[Black "Nixon,R"]
[Result "0-1"]
[WhiteElo "2161"]
[BlackElo "2035"]

1.Nf3 d5 2.c4 e6 3.g3 Nf6 4.Bg2 Bd6 5.O-O Nbd7 6.b3 O-O 7.Bb2 c6 8.d4 Re8
9.Nbd2 Qe7 10.Ne5 Nf8 11.e4 dxe4 12.Nxe4 Nxe4 13.Bxe4 f6 14.Nxc6 bxc6 15.Bxc6 Bb7
16.Bxe8 Qxe8 17.d5 exd5 18.cxd5 Rd8 19.Qg4 Qf7 20.Rad1 Bc8 21.Qd4 Bh3 22.Rfe1 Rc8
23.Qd3 Qh5 24.Rc1 Rd8 25.Rc4 Bf5 26.Qd1 Qf7 27.Qf3 Bd7 28.a4 Ng6 29.Qg2 Bc8
30.Rce4 Bb7 31.Re6 Bb4 32.Qe4 Bxe1 33.Qxe1 Bxd5 34.Qa5 Qxe6 35.Qxd8+ Kf7
36.Bc3 Qe4 37.Qd7+ Ne7 38.Kf1 Qb1+ 39.Be1 Qd3+ 40.Kg1 Qe2  0-1

[Event "Masters"]
[Site "Monaco MNC"]
[Date "2000.02.21"]
[Round "1"]
[White "Caposciutti,M"]
[Black "Flear,C"]
[Result "1-0"]
[WhiteElo "2344"]
[BlackElo "2264"]

1.Nf3 d5 2.c4 d4 3.b4 g6 4.Bb2 Bg7 5.e3 e5 6.d3 Ne7 7.exd4 exd4 8.Nbd2 a5
9.bxa5 c5 10.Nb3 Nd7 11.Bc1 O-O 12.Be2 Nc6 13.Bd2 Qe7 14.O-O b6 15.axb6 Nxb6
16.Ng5 Na4 17.Bf3 Bb7 18.Re1 Qc7 19.Bd5 Nb4 20.Bxb4 cxb4 21.Bxb7 Qxb7 22.Qf3 Qxf3
23.Nxf3 Nc3 24.Nfxd4 Nxa2 25.Kf1 Rfd8 26.Re2 Nc3 27.Rxa8 Rxa8 28.Re1 Ra3
29.Re8+ Bf8 30.c5 Kg7 31.c6 Bd6 32.g3 Ra7 33.Rd8 Bc7 34.Rd7 Kf6 35.Kg2 h5
36.h4 Nd1 37.Nb5 Ra2 38.Nxc7 Rxf2+ 39.Kg1 Rf3 40.Nd5+ Kg7 41.c7  1-0

[Event "ch-Serbia"]
[Site "Kragujevac YUG"]
[Date "2000.02.22"]
[Round "4"]
[White "Arsovic,Z"]
[Black "Somborski,N"]
[Result "1-0"]
[WhiteElo "2444"]
[BlackElo "2330"]

1.Nf3 d5 2.c4 e6 3.g3 Nf6 4.Bg2 Be7 5.O-O O-O 6.Qc2 c5 7.d4 cxd4 8.Nxd4 Nc6
9.Nxc6 bxc6 10.b3 a5 11.Nc3 Ba6 12.Rd1 Qc7 13.Na4 dxc4 14.bxc4 Rad8 15.Be3 c5
16.Bf4 Bd6 17.Rxd6 Rxd6 18.Nc3 Rfd8 19.Bxd6 Rxd6 20.Nb5 Bxb5 21.cxb5 Nd5
22.Rc1 Nb6 23.Be4 h6 24.Qxc5 Rd1+ 25.Rxd1 Qxc5 26.Rd8+ Qf8 27.Bh7+  1-0

[Event "ch-Serbia"]
[Site "Kragujevac YUG"]
[Date "2000.02.22"]
[Round "4"]
[White "Arsovic,G"]
[Black "Todorovic,GM"]
[Result "1/2-1/2"]
[WhiteElo "2427"]
[BlackElo "2426"]

1.Nf3 d5 2.c4 d4 3.g3 c5 4.Bg2 Nc6 5.O-O e5 6.d3 Nf6 7.e3 Be7 8.exd4 exd4
9.Bf4 O-O 10.Ne5 Nxe5 11.Bxe5 Ng4 12.Bf4 Bd6 13.h3 Nf6 14.Bg5 h6 15.Bxf6 Qxf6
16.Nd2 Qg6 17.Kh2 Re8 18.Be4 f5 19.Bd5+ Be6 20.Qf3 Bxd5 21.Qxd5+ Kh8 22.Rae1 Rad8
23.Qf3 Qg5 24.Re2 h5  1/2-1/2

[Event "Open"]
[Site "Cannes FRA"]
[Date "2000.02.24"]
[Round "5"]
[White "Delseny,S"]
[Black "Vidalinc,JL"]
[Result "0-1"]
[WhiteElo "2095"]
[BlackElo "2054"]

1.Nf3 d5 2.c4 dxc4 3.Na3 Nf6 4.Nxc4 e6 5.d4 Bb4+ 6.Bd2 Qe7 7.e3 O-O 8.Qc2 b6
9.Bd3 Bb7 10.e4 h6 11.O-O Bxd2 12.Ncxd2 Rc8 13.Rfe1 c5 14.Qa4 cxd4 15.Nxd4 Nbd7
16.Qd1 Ne5 17.Bc2 Rd8 18.N2b3 Rac8 19.Qe2 Nc6 20.Nxc6 Bxc6 21.Rac1 e5 22.Bd3 Bb7
23.f3 Nh5 24.g3 Qg5 25.Rxc8 Rxc8 26.Kh1 g6 27.Qe3 Qxe3 28.Rxe3 Ng7 29.Kg2 Ne6
30.Re2 a6 31.Kf2 Kf8 32.Rd2 Ke7 33.Ke3 g5 34.Bf1 Rd8 35.Rc2 Rc8 36.Rd2 Rd8
37.Bd3 Rc8 38.Rd1 Rd8 39.Rh1 Rc8 40.h4 a5 41.hxg5 hxg5 42.Nd2 Nc5 43.Rh5 Nxd3
44.Kxd3 Ba6+ 45.Ke3 Rc1 46.Nb3 Re1+ 47.Kd2 Re2+ 48.Kc1 a4 49.Nd2 Bd3 50.b3 a3
51.Rh1 Rg2 52.g4 b5 53.Kd1 b4 54.Re1 Kd7 55.Re3 Bb5 56.Nc4 Bxc4 57.bxc4 Rxa2
58.Rb3 Rf2  0-1

[Event "ch-YUG (women) qualifier"]
[Site "Kragujevac YUG"]
[Date "2000.02.24"]
[Round "6"]
[White "Todorovic,V"]
[Black "Ramic,M"]
[Result "1-0"]
[WhiteElo "2151"]
[BlackElo "2074"]

1.Nf3 d5 2.c4 d4 3.g3 g6 4.b4 Bg7 5.d3 e5 6.Bg2 Ne7 7.O-O O-O 8.Nbd2 c5 9.bxc5 Na6
10.Nb3 Nc6 11.Ng5 h6 12.Ne4 Qc7 13.Rb1 f5 14.Nd6 Rb8 15.f4 Kh7 16.Kh1 Rd8
17.e4 fxe4 18.Bxe4 Bh3 19.Qh5 Bxf1 20.Qxg6+ Kg8 21.Bd5+ Kh8 22.Nf7+ Kg8 23.Nxd8+  1-0

[Event "ch-Serbia"]
[Site "Kragujevac YUG"]
[Date "2000.02.26"]
[Round "8"]
[White "Arsovic,G"]
[Black "Grujic,L"]
[Result "1-0"]
[WhiteElo "2427"]
[BlackElo "2331"]

1.Nf3 d5 2.c4 c6 3.e3 Nf6 4.Nc3 g6 5.d4 Bg7 6.h3 O-O 7.Bd3 c5 8.O-O Na6 9.a3 b6
10.Qe2 cxd4 11.exd4 dxc4 12.Bxc4 Nc7 13.Bf4 Bb7 14.Be5 Ncd5 15.Rac1 a6 16.Nxd5 Nxd5
17.Bxg7 Kxg7 18.Qe5+ Kg8 19.Rfe1 e6 20.Ng5 Nc7 21.Bb3 Rc8 22.Rc3 Bd5 23.Bxd5 exd5
24.Qf4 Ne6 25.Nxe6 fxe6 26.Rxc8 Qxc8 27.Qd6 Re8 28.Qxb6 Kf7  1-0

[Event "ch-YUG (women) qualifier"]
[Site "Kragujevac YUG"]
[Date "2000.02.26"]
[Round "8"]
[White "Todorovic,V"]
[Black "Savic,Ma"]
[Result "1/2-1/2"]
[WhiteElo "2151"]
[BlackElo "2016"]

1.Nf3 d5 2.c4 e6 3.g3 Nf6 4.Bg2 Be7 5.O-O O-O 6.d4 Nbd7 7.Qc2 c6 8.b3 b6
9.Rd1 Bb7 10.Nc3 Rc8 11.e4 dxe4 12.Nxe4 c5 13.Nfg5 Nxe4 14.Bxe4 Bxe4 15.Nxe4 cxd4
16.Rxd4 Qc7 17.Bb2 Nf6 18.Rad1 Rfd8 19.Rxd8+ Rxd8 20.Nxf6+ Bxf6 21.Bxf6 Rxd1+
22.Qxd1 gxf6 23.Qg4+ Kf8 24.h4 Qe5 25.Qd1 Ke7 26.Kg2 Qb2 27.a4 Qc3 28.Qb1 f5
29.Qd1 a5 30.Kh2 Qe5 31.Qf3 Qe4 32.Qh5 Qe1 33.Qg5+ f6 34.Qf4 Qe5 35.Qh6 Qe2
36.Qf4 Qe5 37.Qd2 f4 38.gxf4 Qh5 39.Kg3 Qg6+ 40.Kh3 Qf5+ 41.Kg3 Qg6+ 42.Kh3  1/2-1/2

[Event "Masters"]
[Site "Monaco MNC"]
[Date "2000.02.26"]
[Round "8"]
[White "Caposciutti,M"]
[Black "Bussachini,M"]
[Result "1-0"]
[WhiteElo "2344"]
[BlackElo "2084"]

1.Nf3 d5 2.c4 c6 3.b3 Nf6 4.g3 Bf5 5.Bg2 e6 6.O-O Be7 7.Bb2 Nbd7 8.d3 Rg8
9.cxd5 exd5 10.Nd4 Be6 11.e4 dxe4 12.dxe4 Qa5 13.Nd2 Qh5 14.Nxe6 fxe6 15.Bf3 Qa5
16.Nc4 Qc7 17.Rc1 Rd8 18.Qe2 b5 19.e5  1-0

[Event "Open"]
[Site "Cannes FRA"]
[Date "2000.02.27"]
[Round "8"]
[White "Sarthou,G"]
[Black "Bujisho,B"]
[Result "0-1"]
[WhiteElo "2345"]
[BlackElo "2299"]

1.Nf3 d5 2.c4 c6 3.b3 Bg4 4.Ne5 Bh5 5.Bb2 e6 6.g4 Bg6 7.h4 Be4 8.Rh3 h5 9.g5 Nd7
10.d3 Bf5 11.Rh1 Qa5+ 12.Nd2 Nxe5 13.Bxe5 dxc4 14.d4 f6 15.Bf4 c3 16.Nc4 Qd5
17.f3 Bb4 18.Kf2 c2 19.Qc1 Qxd4+ 20.e3 Qd7 21.e4 Bg6 22.Qxc2 Qd4+ 23.Kg2 Qxa1
24.Bd2 Bxd2 25.Qxd2 Rd8 26.Qb4 Qd1 27.e5 fxe5 28.Qxb7 Ne7 29.Nxe5 Qd2+ 30.Kh3 Bf5+  0-1

[Event "ch-CRO m (playoff)"]
[Site "Zagreb CRO CRO"]
[Date "2000.03.02"]
[Round "1"]
[White "Hulak,K"]
[Black "Zaja,I"]
[Result "0-1"]
[WhiteElo "2495"]
[BlackElo "2452"]

1.Nf3 d5 2.c4 c6 3.d4 Nf6 4.Nc3 e6 5.Bg5 dxc4 6.e4 b5 7.a4 b4 8.Nb1 Ba6 9.Qc1 c3
10.bxc3 Bxf1 11.Kxf1 Nbd7 12.Nbd2 c5 13.cxb4 cxb4 14.a5 Rc8 15.Qb1 h6 16.Bxf6 Nxf6
17.Ke2 Be7 18.Rc1 O-O 19.Nc4 Qc7 20.Qd3 Rfd8 21.g3 Qb7 22.Ncd2 Rc3 23.a6 Qa8
24.Rxc3 bxc3 25.Qxc3 Nxe4 26.Nxe4 Qxe4+ 27.Kf1 Bf6 28.Rd1 g5 29.h3 e5 30.d5 Rxd5
31.Rxd5 Qxd5 32.Qc8+ Kg7 33.Qb7 Qd3+ 34.Kg2 e4 35.Nh2 Bd4 36.Qd5 Qd2 37.h4 Qxf2+
38.Kh3 gxh4 39.gxh4 Qe3+ 40.Kg4 Bf6 41.Kh5 Qd4 42.Qf5 Qe5 43.Qxe5 Bxe5 44.Ng4 Bf4
45.Nf2 e3 46.Nd3 e2  0-1

[Event "Oz.com qualifier blitz"]
[Site "Internet ICC"]
[Date "2000.03.05"]
[Round "1"]
[White "Rohde,M"]
[Black "Gorodetskij,I"]
[Result "1-0"]
[WhiteElo "2535"]
[BlackElo "2250"]

1.Nf3 d5 2.c4 e6 3.d4 Nf6 4.Nc3 Nbd7 5.Bf4 Bb4 6.e3 c5 7.Qc2 Qa5 8.Nd2 Ne4
9.Ndxe4 dxe4 10.Be2 O-O 11.O-O Bxc3 12.bxc3 f5 13.Bd6 Rd8 14.Rfd1 Qb6 15.dxc5 Qc6
16.Be7 Re8 17.Rd6 Qc7 18.Rxe6 Nxc5 19.Bd6 Nxe6 20.Bxc7 Nxc7 21.c5 Be6 22.Rb1 Rab8
23.Qa4 a6 24.Bc4 Kh8 25.Bxe6 Nxe6 26.c6 bxc6 27.Rxb8 Rxb8 28.h3 Nc5 29.Qxc6 Nd3
30.Qd6 Rb1+ 31.Kh2 h6 32.Qf8+ Kh7 33.Qxf5+ Kg8 34.Qe6+ Kf8 35.Qxe4 Rd1 36.f4 Nf2
37.Qa8+ Kf7 38.Qb7+ Kf8 39.Qxa6 h5 40.Qc8+ Kf7 41.Qf5+ Kg8 42.Qxh5 Rh1+ 43.Kg3 Ne4+
44.Kf3 Nf6 45.Qb5 Ra1 46.a4  1-0

[Event "Oz.com qualifier blitz"]
[Site "Internet ICC"]
[Date "2000.03.05"]
[Round "2"]
[White "Szmetan,J"]
[Black "Annakov,B"]
[Result "1-0"]
[WhiteElo "2401"]
[BlackElo "2600"]

1.Nf3 d5 2.c4 c6 3.d4 Nf6 4.Nc3 a6 5.e3 g6 6.Be2 Bg7 7.O-O O-O 8.Ne5 Nfd7
9.f4 e6 10.b3 Nxe5 11.fxe5 b5 12.cxd5 cxd5 13.Ba3 Re8 14.Rc1 Bb7 15.Bd3 Nd7
16.Rc2 Qa5 17.Bd6 Rac8 18.Qd2 Qb6 19.b4 f5 20.exf6 Bxf6 21.Bc5 Nxc5 22.bxc5 Qd8
23.Qd1 e5 24.Qg4 Kg7 25.Rcf2 Rf8 26.Ne2 Qe7 27.dxe5 Qxe5 28.Nf4 Rce8 29.Nxg6 Qxe3
30.Nxf8+ Kxf8 31.Kh1 Ke7 32.Re2 d4 33.Rxe3+ dxe3 34.Be4 Bxe4 35.Qxe4+ Kf7
36.Qxh7+  1-0

[Event "Oz.com qualifier blitz"]
[Site "Internet ICC"]
[Date "2000.03.05"]
[Round "3"]
[White "Mohr,G"]
[Black "Svidler,P"]
[Result "0-1"]
[WhiteElo "2488"]
[BlackElo "2672"]

1.Nf3 d5 2.c4 d4 3.g3 g6 4.Bg2 Bg7 5.O-O e5 6.d3 Ne7 7.b4 O-O 8.a4 Nbc6 9.b5 Nb4
10.Ba3 a5 11.bxa6 Nxa6 12.Nbd2 Bd7 13.a5 Bc6 14.Qb3 Qd7 15.Ne1 Rfe8 16.Rb1 Bxg2
17.Kxg2 Nc6 18.Qb5 Nab8 19.Nb3 b6 20.Bb4 Nxb4 21.Qxb4 Nc6 22.Qb5 Reb8 23.axb6 Rxb6
24.Qd5 Qxd5+ 25.cxd5 Nb4 26.Nf3 Nxd5 27.Nbd2 Nc3 28.Rxb6 cxb6 29.Ne4 b5 30.Nfd2 f5
31.Nc5 Nxe2 32.f4 exf4 33.gxf4 Bh6 34.Ndb3 Re8 35.Kf3 Re3+ 36.Kf2 Nxf4 37.Nxd4 Nxd3+
38.Nxd3 Rxd3 39.Nxb5 Bf4 40.h4 Rh3 41.Kg2 Rxh4 42.Nd4 Kf7 43.Rb1 Rh2+ 44.Kf3 Be5
45.Rb7+ Kf6 46.Rb6+ Kg5 47.Ne6+ Kh6 48.Rb5 Bf6 49.Rb7 Rh3+ 50.Kg2 Re3 51.Nf4 Be5
52.Nd5 Rd3 53.Ne7 Kg5 54.Nc6 Bf4 55.Rxh7 Kg4 56.Ne7 Rd2+ 57.Kf1 Kf3 58.Ke1 Rd6
59.Rg7 Bg3+  0-1

[Event "Oz.com qualifier blitz"]
[Site "Internet ICC"]
[Date "2000.03.05"]
[Round "5"]
[White "Mohr,G"]
[Black "Kaidanov,G"]
[Result "1/2-1/2"]
[WhiteElo "2488"]
[BlackElo "2599"]

1.Nf3 d5 2.c4 e6 3.g3 Nf6 4.Bg2 dxc4 5.Qa4+ c6 6.Qxc4 b5 7.Qc2 Bb7 8.O-O c5
9.a4 a6 10.d3 Nbd7 11.Nc3 Qb6 12.Qb3 Nd5 13.Bd2 b4 14.Nb1 Be7 15.e4 N5f6
16.Be3 Ng4 17.Bc1 O-O 18.h3 Nge5 19.Nxe5 Nxe5 20.Nd2 Qd8 21.Nc4 Qxd3 22.Qxd3 Nxd3
23.Be3 Rad8 24.Rfd1 Bf6 25.Rab1 Rfe8 26.f3 Bc6 27.b3 Ne5 28.Na5 Ba8 29.Bxc5 Nd3
30.Bb6 Bd4+ 31.Bxd4 Rxd4 32.Bf1 Ne5 33.Kf2 Rdd8 34.Bxa6 g5 35.Bb5 Rf8 36.Rxd8 Rxd8
37.Ke3 f5 38.Rc1 fxe4 39.fxe4 Kg7 40.Rc7+ Kg6 41.Ra7 h5 42.Nc4 Nf7 43.Rd7 Rb8
44.Nd6 Ne5 45.Re7 Kf6 46.Ra7 Bc6 47.Bxc6 Nxc6 48.Rf7+ Kg6 49.Rc7 Na5 50.Re7 Kf6
51.Rf7+ Kg6 52.Re7 Kf6 53.Rf7+ Kg6 54.Re7 Kf6 55.Rf7+  1/2-1/2

[Event "Oz.com qualifier blitz"]
[Site "Internet ICC"]
[Date "2000.03.05"]
[Round "6"]
[White "Peralta,F"]
[Black "Demirel,T"]
[Result "1-0"]
[WhiteElo "2405"]
[BlackElo "2203"]

1.Nf3 d5 2.c4 d4 3.g3 Nc6 4.Bg2 e5 5.O-O Nf6 6.d3 h6 7.Na3 Bd6 8.Nc2 O-O
9.Rb1 a5 10.b3 Re8 11.a3 Qe7 12.Re1 Qf8 13.Bb2 Bf5 14.Qd2 Rad8 15.Rbd1 Bc5
16.Qc1 e4 17.dxe4 Nxe4 18.Nfxd4 Nxd4 19.Nxd4 Bh7 20.e3 c6 21.Nc2 Rxd1 22.Rxd1 Nxf2
23.Kxf2 Bxc2 24.Qxc2 Bxe3+ 25.Kf1 Re6 26.Bf3 g6 27.Kg2 Qe8 28.Qd3 Bg5 29.h4 Be7
30.Qc3 Bf6 31.Qxf6 Rxf6 32.Bxf6  1-0

[Event "Oz.com qualifier blitz"]
[Site "Internet ICC"]
[Date "2000.03.05"]
[Round "6"]
[White "Szmetan,J"]
[Black "Ghannoum,M"]
[Result "1-0"]
[WhiteElo "2401"]
[BlackElo "2192"]

1.Nf3 d5 2.c4 dxc4 3.e3 Nc6 4.Bxc4 e5 5.Nc3 Nf6 6.Ng5 Bg4 7.Qb3 Na5 8.Qb5+ c6
9.Qxe5+ Be7 10.Bxf7+ Kf8 11.Be6 Bd6 12.Qd4 Bh5 13.b4 h6 14.Nge4 Ke7 15.Bh3 c5
16.Qxd6+  1-0

[Event "Oz.com qualifier blitz"]
[Site "Internet ICC"]
[Date "2000.03.05"]
[Round "8"]
[White "Szmetan,J"]
[Black "Arnarsson,H"]
[Result "1-0"]
[WhiteElo "2401"]
[BlackElo "2035"]

1.Nf3 d5 2.c4 dxc4 3.e3 Bg4 4.Bxc4 Nc6 5.Bxf7+ Kxf7 6.Ng5+ Kg6 7.Qxg4 h5
8.Qe6+ Nf6 9.Nf7 Qd3 10.Nxh8+ Kh7 11.Nf7 Nb4 12.Na3 Rd8 13.Ne5 Qe4 14.O-O Nd3
15.Nf7 Qh4 16.g3  1-0

[Event "La Perla Open"]
[Site "Lugano SUI"]
[Date "2000.03.12"]
[Round "7"]
[White "Djuric,S"]
[Black "Mantovani,R"]
[Result "1-0"]
[WhiteElo "2491"]
[BlackElo "2415"]

1.Nf3 d5 2.c4 d4 3.e3 c5 4.exd4 cxd4 5.g3 Nc6 6.Bg2 g6 7.d3 Bg7 8.O-O Nf6
9.Re1 O-O 10.Ne5 Nxe5 11.Rxe5 Bg4 12.Qf1 Nd7 13.Re1 Nc5 14.b4 Na4 15.Bxb7 Rb8
16.Bg2 Rxb4 17.Ba3 Qa5 18.Nd2 Rb6 19.Nb3 Qh5 20.Bxe7 Re8 21.h3 Bf3 22.g4 Bxg2
23.Kxg2 Qh6 24.f4 Bf8 25.Bg5 Rxe1 26.Rxe1 Qg7 27.Qf3 f6 28.Bh4 Qd7 29.Bf2 Nc5
30.Nxc5 Bxc5 31.Qa8+ Kg7 32.Re8 Rb7 33.Rc8 Bd6 34.g5 fxg5 35.fxg5 Kf7 36.Bxd4 Be7
37.Rh8 Ke6 38.Qg8+  1-0

[Event "Extraliga CZE"]
[Site "Ostrava CZE"]
[Date "2000.03.19"]
[Round "11"]
[White "Zabystrzan,P"]
[Black "Buchnicek,P"]
[Result "1/2-1/2"]
[WhiteElo "2315"]
[BlackElo "2413"]

1.Nf3 d5 2.c4 e6 3.g3 c6 4.b3 f5 5.Bg2 Nf6 6.O-O Bd6 7.d4 O-O 8.Ba3 b6 9.Qc1 Bb7
10.Bxd6 Qxd6 11.Qa3 Qc7 12.Nbd2 Nbd7 13.Rac1 Rae8 14.e3 Qb8 15.Rfd1 h6 16.Ne1 g5
17.Nd3 Ne4 18.f4 Nxd2 19.Rxd2 Rf7 20.c5 Rc8  1/2-1/2